| 000 | 00510nab a2200145Ia 4500 | ||
|---|---|---|---|
| 003 | ES-SlBCS | ||
| 005 | 20220512172143.0 | ||
| 008 | 140529s1966 xxu||||| |||| 00| 0 ita d | ||
| 041 | _aita | ||
| 100 | 1 |
_aRaschini, Maria Adelaide _959783 |
|
| 245 | 0 | 0 |
_aValidità e limiti dell'interpretazione spaventiana del Rosmini e del Gioberti _c Maria Adelaide Raschini |
| 600 | 1 |
_aRosmini-Gioberti, Vincenzo _9199689 |
|
| 773 | 0 |
_tGiornali di Metafisica _gvol. 21, nº. 2-3, 1966, págs. 265-269 _w0017-0372 |
|
| 942 | _cAR | ||
| 999 |
_c586985 _d586985 |
||